| 000 | 01099nam a2200229Ia 4500 | ||
|---|---|---|---|
| 999 |
_c56600 _d56600 |
||
| 001 | 23716 | ||
| 003 | GE_BSU | ||
| 005 | 20191031110142.0 | ||
| 008 | 181216s2018|||| |||||||||||||| ||geo|| | ||
| 020 | _a9789941462818 | ||
| 040 | _cGE_BSU | ||
| 041 | _ageo | ||
| 080 | _a82(063) ლ-68 | ||
| 245 |
_aლიტერატურული კლუბის მასალები №1 / _cშემდგ : ნანა ტრაპაიძე ; რედ : ნანა ტრაპაიძე ; ირაკლი ყურუა. |
||
| 264 |
_aბათუმი : _bბათუმის შოთა რუსთაველის სახელმწ. უნ-ტის გამ-ბა, _c2018. |
||
| 300 |
_a299 გვ .: _bილ; _c23 სმ. |
||
| 653 | _aლიტერატურა | ||
| 700 |
_aტრაპაიძე, ნანა _eშემდგენელოი _94150 |
||
| 700 |
_aტრაპაიძე, ნანა _eრედაქტორი _94150 |
||
| 700 |
_aყურუა, ირაკლი _eრედაქტორი _95155 |
||
| 942 |
_cBK _2udc |
||